000 00594cam a22002053a 4500
001 40488
003 PGUSA
005 20140828083914.0
008 120812s2012||||xxu|||||s|||||000 | eng d
040 _aPGUSA
_beng
042 _adc
100 1 _aCoulthard, H. R.
245 1 4 _aThe Story of an Ancient Parish :
_bBreage with Germoe
_h[electronic resource] /
_cH. R. Coulthard
260 _bProject Gutenberg,
_c2012
506 _aPublic domain in the USA.
516 _aElectronic text
830 0 _aProject Gutenberg
_v40488
856 4 0 _uhttp://www.gutenberg.org/ebooks/40488
942 _cEB
999 _c269741
_d269741